Las historias / (Record no. 165969)

MARC details
000 -LEADER
campo de control de longitud fija 00971nam a22002535i 4500
001 - NÚMERO DE CONTROL
campo de control 165969
003 - IDENTIFICADOR DE NÚMERO DE CONTROL
campo de control ES-MaACL
005 - FECHA Y HORA DE LA ÚLTIMA TRANSACCIÓN
campo de control 20250820150541.0
008 - DATOS DE LONGITUD FIJA--INFORMACIÓN GENERAL
campo de control de longitud fija 960524s1888 sp |||| | spa d
040 ## - FUENTE DE CATALOGACIÓN
Centro catalogador/agencia de origen CLM
Lengua de catalogación spa
Centro/agencia transcriptor CLM
100 1# - ENTRADA PRINCIPAL--NOMBRE DE PERSONA
Nombre de persona Tácito, Cayo Cornelio
9 (RLIN) 109052
245 14 - MENCIÓN DEL TÍTULO
Título Las historias /
Mención de responsabilidad, etc. de Cayo Cornelio Tácito ; traducidas por D. Carlos Coloma.
260 ## - PUBLICACIÓN, DISTRIBUCIÓN, ETC.
Lugar de publicación, distribución, etc. Madrid :
Nombre del editor, distribuidor, etc. Librería de la viuda de Hernando y Cª,
Fecha de publicación, distribución, etc. 1888 (
Fabricante Establecimiento tipográfico sucesores de Rivadeneyra)
300 ## - DESCRIPCIÓN FÍSICA
Extensión 370 p. ;
Dimensiones 19 cm.
490 1# - MENCIÓN DE SERIE
Mención de serie Biblioteca Clásica. Tomo XL
596 #1 - NOTA AL PIE DE IMPRENTA
NOTA AL PIE DE IMPRENTA En el verso de la port.: Establecimiento tipográfico "Sucesores de Rivadeneyra"
597 #1 - NOTA DE DESCRIPCIÓN FÍSICA
NOTA DE DESCRIPCIÓN FÍSICA Antep.
650 #4 - PUNTO DE ACCESO ADICIONAL DE MATERIA--TÉRMINO DE MATERIA
Término de materia o nombre geográfico como elemento de entrada Roma-
Subdivisión general Historia.
9 (RLIN) 224296
700 1# - ENTRADA AGREGADA--NOMBRE PERSONAL
Nombre de persona Coloma, Carlos,
Fechas asociadas al nombre ca. 1567-1637
Término indicativo de función/relación
9 (RLIN) 126547
752 ## - ENTRADA AGREGADA--NOMBRE JERÁRQUICO DEL LUGAR
País o entidad superior España -
Ciudad , Madrid
830 0# - PUNTO DE ACCESO ADICIONAL DE SERIE-TÍTULO UNIFORME
Título uniforme Biblioteca Clásica. Tomo XL
9 (RLIN) 222509
852 ## - LOCALIZACIÓN
Ubicación ES-MaACL
Número de control de estantería F-13276
Nota libre -- Enc. tela
Holdings
Estatus retirado Estado de pérdida Estado de daño No para préstamo Colección Biblioteca de origen Biblioteca actual Ubicación en estantería Fecha de adquisición Fuente de adquisición Total de préstamos Signatura topográfica completa Código de barras Visto por última vez Precio de reemplazo Tipo de ítem Koha
        Libros del s. XIX Biblioteca del Ateneo de Madrid Biblioteca del Ateneo de Madrid Sala Pecera Planta 2 17/01/2008     F-13276 1174055 23/02/2023 23/02/2023 Libro impreso antiguo